000 00273nam a22001097a 4500
082 _a004.16 BRE'M
100 _aBREY, BARRY B
_954310
245 _aMICROPROCESSORS , HARDWARE INTERFACING AND APPLICATIONS
260 _aDELHI
_bCBS
_c1989
300 _aXII, 413P
942 _cBK
999 _c573089
_d573089